Quick Pick: Roald Dahl Books Quiz Stats

Quiz Updated Mar 1, 2016

Challenge
Share
Tweet
Embed
Score 0/10 Timer 01:00
8 Plays Today
% Correct
Chocolate
96.4%
Peach
96.4%
Fantastic
94.9%
Solo
93.7%
Magic
88.2%
Charlie
87.8%
Crocodile
84.7%
Medicine
73.4%
Esio
53.1%
Pelly
44.8%

Today's Daily Dose

Quick Pick
Brass Quintet

On This Day
May 22nd II

You're not logged in!

Compare scores with friends on all Sporcle quizzes.
Join for Free
OR
Log In

You Might Also Like...

Show Comments

Extras

Top Quizzes Today


Score Distribution

Your Account Isn't Verified!

In order to create a playlist on Sporcle, you need to verify the email address you used during registration. Go to your Sporcle Settings to finish the process.

Report this User

Report this user for behavior that violates our Community Guidelines.

Details: